Normal view MARC view

Entry Nombre personal

Number of records used in: 1

001 - NÚMERO DE CONTROL

  • campo de control: 241149

003 - IDENTIFICADOR DE NÚMERO DE CONTROL

  • campo de control: SpMaBN

005 - FECHA Y HORA DE LA ÚLTIMA TRANSACCIÓN

  • campo de control: 20250630190925.0

008 - ELEMENTOS DE DATO DE LONGITUD-FIJA

  • campo de control de longitud fija: 901120n| aijnnaabn n aaa

016 ## - NÚMERO DE CONTROL DE UNA AGENCIA BIBLIOGRÁFICA NACIONAL

  • Número de control del registro: BNE19900171278

024 7# - IDENTIFICADOR DE OTROS ESTÁNDARES

  • Número estándar o código: http://viaf.org/viaf/113230702/
  • Fuente: viaf

024 7# - IDENTIFICADOR DE OTROS ESTÁNDARES

  • Número estándar o código: https://isni.org/isni/0000000080456315
  • Fuente: isni

024 7# - IDENTIFICADOR DE OTROS ESTÁNDARES

  • Número estándar o código: http://www.wikidata.org/entity/Q42
  • Fuente: wikidata

040 ## - FUENTE DE CATALOGACIÓN

  • Centro catalogador/agencia de origen: SpMaBN
  • Lengua de catalogación: spa
  • Centro/agencia transcriptor: SpMaBN
  • Normas de descripción: rdc
  • Convención/Normas de encabezamiento de materia/tesauro: embne

046 ## - FECHAS CON CODIFICACIÓN ESPECIAL

  • Fecha de nacimiento: 1952
  • Fecha de la muerte: 2001

100 1# - ENCABEZAMIENTO-NOMBRE DE PERSONA

  • Nombre de persona: Adams, Douglas,
  • Fechas asociadas al nombre: 1952-2001

370 ## - LUGAR ASOCIADO

  • Lugar de nacimiento: Cambridge
  • Número de control del registro de autoridad o número normalizado: XX450957
  • Fuente de información: Wikidata

372 ## - CAMPO DE ACTIVIDAD

  • Campo de actividad: Sátira
  • Campo de actividad: Ciencia ficción
  • Fuente de información: Wikidata

373 ## - GRUPO ASOCIADO

  • Grupo asociado: Footlights
  • Fuente de información: Wikidata

374 ## - OCUPACIÓN

  • Ocupación: Actores
  • Ocupación: Escritores
  • Ocupación: Novelistas
  • Ocupación: Guionistas
  • Ocupación: Dramaturgos
  • Fuente de información: Wikidata

375 ## - GÉNERO/SEXO

  • Género: Masculino
  • Fuente de información: Wikidata

377 ## - IDIOMA ASOCIADO

  • Código del idioma: eng
  • Término de lengua/lenguaje: Inglés

670 ## - FUENTE DE DATOS ENCONTRADOS

  • Cita de la fuente: Guía del autoestopista galáctico, 1987
  • Información encontrada: port. (Douglas Adams)

670 ## - FUENTE DE DATOS ENCONTRADOS

  • Cita de la fuente: Name authorities, 1977-1982
  • Información encontrada: (Douglas, Adams)

670 ## - FUENTE DE DATOS ENCONTRADOS

  • Cita de la fuente: El Mundo, 16-5-2001
  • Información encontrada: (Douglas Adams; n. 1952, Cambridge, m. 12-5-2001, Santa Bárbara (California); escritor de obras humorísticas de ciencia ficción)